Služba pre občanov čo môže a čo nemôže obecná polícia

Bibliographic Details
Main Authors: (sdl) (ain), Zemko, František (Author, uin)
Format: Article
Language:Slovak
PhysicalDescription:Obr.
Subjects:

MARC

LEADER 00000nab a2200000 a 4500
001 vtls000658603
003 SK-MaSNL
005 20260303205312.0
008 180205c1998 xo 0 slo
015 |a SNBRA1998/05-13188 
035 |a CLN000010795 
040 |a SNKBUCL  |b slo  |c SNKBUCL  |e AACR2 
041 0 |a slo 
044 |a xo  |c SK 
080 |a 351.745(437.6)  |2 UDC-MRF-SK2 
100 0 |a (sdl)  |4 ain  |9 903498 
245 1 0 |a Služba pre občanov  |b čo môže a čo nemôže obecná polícia  |c František Zemko, (sdl) 
300 |b Obr. 
610 1 7 |a Bratislava (Slovensko).  |b Mestská polícia  |2 snkbucl  |9 237710 
651 7 |a 1  |2 snkbucl  |9 291510 
655 7 |a články z novín a časopisov  |2 snkbucl  |9 267496 
700 1 |a Zemko, František  |4 aut  |4 uin  |9 771306 
773 0 |t Slovenský profit  |g Roč. 6, č. 20 (1998), s. 8 
850 |a Slovenská národná knižnica v Martine 
852 |a SNK  |b KIS3GCP 
958 |a RBX 
999 |c 2194675  |d 2196605